City of Robstown.

Bibliographic Details
Corporate Author: First Maps & Brochures (Firm)
Format: Map
Language:English
Published: Dallas, Tex. : First Maps & Brochures, Division of Kovich, [1980]
Subjects:

MARC

Tag First Indicator Second Indicator Subfields
LEADER 00000cem a2200000 a 4500
001 in00002781807
005 20150922114702.0
007 aj aazaa
008 840628s1980 txu a 1 eng
034 1 |a a  |b 19000 
040 |d UtOrBLW 
043 |a n-us-tx 
052 |a 4034  |b R7 
090 |a G4034.R7 1980  |b .F5 
110 2 |a First Maps & Brochures (Firm) 
245 1 0 |a City of Robstown. 
255 |a Scale [ca. 1:19,000]. 
264 1 |a Dallas, Tex. :  |b First Maps & Brochures, Division of Kovich,  |c [1980] 
264 4 |c ©1980 
300 |a 1 map :  |b color ;  |c 39 x 27 cm. 
336 |a cartographic image  |b cri  |2 rdacontent 
337 |a unmediated  |b n  |2 rdamedia 
338 |a sheet  |b nb  |2 rdacarrier 
500 |a Indexed. 
500 |a Text, ill., advertisements and map of "Nueces County" on verso. 
500 |a Cartographic material. 
651 0 |a Robstown (Tex.)  |v Maps. 
651 0 |a Nueces County (Tex.)  |v Maps. 
948 |a Needs original cataloging  |b h  |c 2012/9/11  |d c  |e jgreene  |f 4:40:55 pm 
999 |a MARS 
999 f f |s 89173a76-c986-37af-84ef-e97024672924  |i eba55902-fe5d-36db-9458-52832a0b66f2  |t 0 
952 f f |p normal  |a Texas A&M University  |b College Station  |c Sterling C. Evans Library  |d Evans: Maps (2nd floor)  |t 0  |e G4034.R7 1980 .F5  |h Library of Congress classification  |i unmediated -- sheet  |m A14841107290 
998 f f |a G4034.R7 1980 .F5  |t 0  |l Evans: Maps (2nd floor)